Joueuses de tennis avec le plus de semaines en N°1 - Statistiques

Statistiques générales
  • Ce quiz a été pris 72 fois
  • Le résultat moyen est 10 sur 20
Statistiques - réponses
Nb semaines Joueuse % Correct
319 Serena Williams
98%
84 Iga Świątek
82%
377 Steffi Graf
79%
21 Maria Sharapova
63%
332 Martina Navrátilová
63%
117 Justine Henin
58%
121 Ashleigh Barty
54%
260 Chris Evert
54%
178 Monica Seles
53%
25 Naomi Osaka
51%
39 Amélie Mauresmo
47%
64 Simona Halep
44%
209 Martina Hingis
40%
20 Kim Clijsters
35%
51 Victoria Azarenka
33%
98 Lindsay Davenport
32%
71 Caroline Wozniacki
30%
34 Angelique Kerber
26%
26 Dinara Safina
14%
21 Tracy Austin
9%
Aucun quiz correspondant
Distribution des résultats
% des personnes avec chaque résultat
Percentile par nombre de réponses
Votre historique - résultats
Vous n’avez pas pris ce quiz